Brazil States Flags Map Quiz - Statistics

General Stats
  • This quiz has been taken 575 times
    571 since last reset
  • The average score is 12 of 27
Answers on the Map
Answers color-coded by a green-red scale on the quiz's map according to % correct below.
 
Answer Stats
Answer % Correct
. Acre
64%
. São Paulo
63%
. Minas Gerais
57%
. Pernambuco
53%
. Rio de Janeiro
53%
. Amazonas
51%
. Pará
50%
. Rio Grande do Sul
50%
. Espírito Santo
49%
. Distrito Federal
48%
. Paraíba
47%
. Santa Catarina
45%
. Bahia
44%
. Tocantins
43%
. Paraná
42%
. Maranhão
41%
. Ceará
40%
. Goiás
38%
. Rondônia
38%
. Amapá
37%
. Mato Grosso do Sul
36%
. Mato Grosso
36%
. Roraima
36%
. Piauí
35%
. Rio Grande do Norte
35%
. Alagoas
32%
. Sergipe
27%
No matching quizzes found
Score Distribution
Percent of People with Each Score
Percentile by Number Answered
Your Score History
You have not taken this quiz since the last reset